Statistics for Guinea Country Quiz

Click here to take the quiz!

General Stats

  • This quiz has been taken 5,247 times
    (5,215 since last reset)
  • The average score is 13 of 16

Answer Stats

Question Answer % Correct
Dominant religionIslam
97%
Official language of GuineaFrench
96%
Bordering countriesGuinea-Bissau
94%
Bordering countriesSenegal
94%
Disease that Guinea suffered a major outbreak from in 2014Ebola
94%
Bordering countriesMali
92%
Bordering countriesLiberia
92%
Bordering countriesSierra Leone
90%
Bordering countriesIvory Coast
89%
63% of Guinean women are _____ before the age of 18,
one of the world's highest rates
Married
89%
Major river that starts in the Guinea highlands and empties in NigeriaNiger River
88%
In Great Britain, a "Guinea" was a gold coin with a value of twenty-one _______{Shilling}s
81%
Capital of GuineaConakry
68%
Guinea is the world's second-largest producer of Bauxite,
used to produce this metal
Aluminium
65%
National animalAfrican Elephant
49%
Largest ethnic group (starts with F)Fula
27%

Score Distribution

Percentile by Number Answered

Percent of People with Each Score

Your Score History

You have not taken this quiz since the last reset